| 000 | 00362nam a2200157Ia 4500 | ||
|---|---|---|---|
| 008 | 221030s9999 xx 000 0 und d | ||
| 020 | _a8176354368 | ||
| 041 | _aEnglish | ||
| 082 |
_a105.23 _bWhi |
||
| 100 | _aR. White | ||
| 245 | 0 |
_aHow Computers Work _cby R. White |
|
| 260 |
_bTMH _aNew Delhi _c2000 |
||
| 300 | _a421 | ||
| 650 | _aBE Computer | ||
| 942 | _cBK | ||
| 999 |
_c7242 _d7242 |
||